| 000 | 01603cam a22003371i 4500 | ||
|---|---|---|---|
| 003 | SA-RiAUC | ||
| 005 | 20250414061731.0 | ||
| 008 | 241109s2003 su f 000 0 ara c | ||
| 040 |
_aSA-RiAUC _bara _cSA-RiAUC _erda |
||
| 050 | 4 | _bA35 2003 | |
| 082 | 0 | 4 | _a251.4 |
| 090 |
_a251.4 _bق ح ط |
||
| 100 | 1 |
_aالقحطاني، مسفر بن علي بن محمد، _d1391 هجري- _eمؤلف. |
|
| 245 | 1 | 0 |
_aمنهج استنباط أحكام النوازل الفقهية المعاصرة : _bدراسة تأصيلية تطبيقية / _cتأليف مسفر بن علي بن محمد القحطاني. |
| 246 | 3 | 0 | _aأحكام النوازل الفقهية المعاصرة |
| 250 | _aالطبعة الأولى. | ||
| 264 | 1 |
_aجدة، السعودية : _bدار الأندلس الخضراء، _c2003 |
|
| 300 |
_a794 صفحة ؛ _c24 سم |
||
| 336 |
_aنص _btxt _2rdacontent _3كتاب |
||
| 337 |
_aبدون وسيط _bn _2rdamedia |
||
| 338 |
_aمجلد _bnc _2rdacarrier |
||
| 500 | _aالأصل أطروحة دكتوراه. | ||
| 500 | _aملاحظات من الشيخ الدكتور عبدالوهاب سليمان رحمه الله بداخل الكتاب | ||
| 500 | _aاهداء من المؤلف مسفر بن علي بن محمد القحطاني. بتاريخ 1427هـ | ||
| 650 | 7 |
_aالفقه الإسلامي _2aucsh |
|
| 650 | 7 |
_aالأحكام الشرعية _2aucsh |
|
| 650 | 7 |
_aالاستنباط (أصول فقه) _2aucsh |
|
| 650 | 7 |
_aالنوازل (أصول فقه) _2aucsh |
|
| 942 |
_2ddc _cBOOK _n0 |
||
| 949 |
_aSA-JeALM _d241109 _umohamedma123 _n1 |
||
| 999 |
_c2254 _d2254 |
||